[Event "Seville op 39th"]
[Site "Seville"]
[Date "2014.01.12"]
[Round "3"]
[White "Gomez Rebollo, Alfonso Carlos"]
[Black "Matamoros Franco, Carlos S"]
[Result "0-1"]
[WhiteElo "2150"]
[BlackElo "2531"]
[PlyCount "116"]
[EventDate "2014.01.10"]
[EventType "swiss"]
[EventRounds "9"]
[EventCountry "ESP"]
[SourceTitle "CBM 158 Extra"]
[Source "ChessBase"]
[SourceDate "2014.02.28"]
[SourceVersion "1"]
[SourceVersionDate "2014.02.28"]
[SourceQuality "1"]

1. e4 e6 2. d4 d5 3. Nd2 Nc6 4. Ngf3 Nf6 5. e5 Nd7 6. c3 f6 7. Bb5 fxe5 8. dxe5 Be7 9. Nd4 Ndxe5 10. f4 a6 11. Qh5+ Kd7 12. Bxc6+ Nxc6 13. N2f3 Bf6 14. Be3 Qe8 15. Qh3 b6 16. b4 Nxd4 17. Bxd4 Kc6 18. Ne5+ Kb7 19. 0-0 a5 20. a4 axb4 21. cxb4 Bd7 22. b5 Qe7 23. Rfc1 Rhc8 24. Qe3 Bxe5 25. Bxe5 Qb4 26. Rcb1 Qc4 27. Rc1 Qb4 28. Rcb1 Qc4 29. Rc1 Qe4 30. Qb3 g5 31. Re1 Qf5 32. Qb4 gxf4 33. a5 bxa5 34. Rxa5 f3 35. gxf3 Qxf3 36. Rxa8 Rxa8 37. Qc5 Rg8+ 38. Bg3 Rxg3+ 39. hxg3 Qxg3+ 40. Kf1 Qf3+ 41. Kg1 Qg3+ 42. Kf1 Qd6 43. Qxd6 cxd6 44. Re3 Kb6 45. Rb3 e5 46. Kg2 h5 47. Rg3 Bxb5 48. Rg6 Kc5 49. Rh6 d4 50. Rxh5 Kc4 51. Rh6 d5 52. Rh8 e4 53. Rc8+ Kd3 54. Rc1 e3 55. Rd1+ Ke4 56. Rb1 Bc4 57. Rb8 d3 58. Re8+ Kd4 0-1

[Event "Ciudad de Palos 4th"]
[Site "Huelva"]
[Date "2002.07.21"]
[Round "4"]
[White "Campora, Daniel Hugo"]
[Black "Gomez Rebollo, Alfonso Carlos"]
[Result "1-0"]
[WhiteElo "2529"]
[BlackElo "2176"]
[PlyCount "81"]
[EventDate "2002.07.19"]
[EventType "tourn (rapid)"]
[EventRounds "5"]
[EventCountry "ESP"]
[SourceTitle "CBM 089 Extra"]
[Source "ChessBase"]
[SourceDate "2002.09.10"]
[SourceVersion "2"]
[SourceVersionDate "2002.09.10"]
[SourceQuality "1"]

1. e4 c5 2. Nf3 d6 3. d4 cxd4 4. Qxd4 Nc6 5. Bb5 Bd7 6. Bxc6 Bxc6 7. c4 Nf6 8. Nc3 g6 9. 0-0 Bg7 10. Qd3 0-0 11. Nd4 Ng4 12. Qd1 Bd7 13. h3 Ne5 14. b3 Rc8 15. Be3 Re8 16. Rc1 Qa5 17. f4 Nc6 18. Nde2 Rcd8 19. Qd2 Bc8 20. Rcd1 b6 21. a4 e6 22. Nb5 Qxd2 23. Rxd2 d5 24. cxd5 exd5 25. e5 Re7 26. Rfd1 f6 27. Bf2 h6 28. Ned4 Nxd4 29. Nxd4 Bb7 30. Bh4 g5 31. Nf5 Re6 32. Nxg7 Kxg7 33. exf6+ Kxf6 34. Bf2 Kg6 35. fxg5 hxg5 36. Bd4 Rf8 37. Rc1 Rc6 38. Re1 Rf7 39. Re8 Rc1+ 40. Kh2 Rff1 41. Rde2 1-0

[Event "Palos de la Frontera-A 3rd"]
[Site "Huelva"]
[Date "2001.10.15"]
[Round "5"]
[White "Gomez Rebollo, Alfonso Carlos"]
[Black "Andres Flores, Antonio"]
[Result "0-1"]
[WhiteElo "2143"]
[BlackElo "2060"]
[PlyCount "90"]
[EventDate "2001.10.13"]
[EventType "tourn"]
[EventRounds "5"]
[EventCountry "ESP"]
[SourceTitle "CBM 085 Extra"]
[Source "ChessBase"]
[SourceDate "2002.01.21"]
[SourceVersion "1"]
[SourceVersionDate "2002.01.21"]
[SourceQuality "1"]

1. e4 d6 2. d4 Nf6 3. Nc3 e5 4. dxe5 dxe5 5. Qxd8+ Kxd8 6. Bc4 Be6 7. Bxe6 fxe6 8. Bg5 Bc5 9. Nf3 Nc6 10. 0-0-0+ Ke7 11. Bh4 h6 12. a3 a5 13. h3 g5 14. Bg3 Bd6 15. Rhe1 Nh5 16. Nb5 a4 17. Rd3 Rhd8 18. Red1 Nf4 19. Bxf4 exf4 20. Nxd6 cxd6 21. Rc3 Rac8 22. Nh2 b5 23. Kb1 Ne5 24. Rxc8 Rxc8 25. Ng4 Nf7 26. f3 h5 27. Nf2 Ne5 28. Nd3 Nc4 29. h4 Ne3 30. Rd2 e5 31. hxg5 Rg8 32. Nb4 Rxg5 33. Nd5+ Nxd5 34. exd5 Kf6 35. b3 e4 36. fxe4 Ke5 37. Re2 Rg3 38. Kb2 h4 39. bxa4 bxa4 40. c3 Re3 41. Rxe3 fxe3 42. Kc2 Kxe4 43. c4 Kd4 44. Kd1 Kxc4 45. Ke2 Kd4 0-1

[Event "Palos de la Frontera-A 3rd"]
[Site "Huelva"]
[Date "2001.10.13"]
[Round "4"]
[White "Bellon Lopez, Juan Manuel"]
[Black "Gomez Rebollo, Alfonso Carlos"]
[Result "1-0"]
[WhiteElo "2432"]
[BlackElo "2143"]
[PlyCount "67"]
[EventDate "2001.10.13"]
[EventType "tourn"]
[EventRounds "5"]
[EventCountry "ESP"]
[SourceTitle "CBM 085 Extra"]
[Source "ChessBase"]
[SourceDate "2002.01.21"]
[SourceVersion "1"]
[SourceVersionDate "2002.01.21"]
[SourceQuality "1"]

1. d4 f5 2. g3 Nf6 3. Bg2 g6 4. b3 Bg7 5. Bb2 0-0 6. Nf3 d6 7. 0-0 Qe8 8. Nbd2 Nc6 9. Nc4 h6 10. e3 Rb8 11. Ne1 b5 12. Nd2 e5 13. dxe5 Nxe5 14. Nd3 Bd7 15. Re1 Nfg4 16. Nxe5 Nxe5 17. Qc1 Bc6 18. a4 bxa4 19. Bxc6 Qxc6 20. Rxa4 Qb7 21. Bd4 c5 22. Ba1 Rbd8 23. f4 Nc6 24. Qd1 Rf7 25. Qe2 Bxa1 26. Rexa1 Re7 27. Qc4+ Kh7 28. Qd5 Rdd7 29. Nc4 Qc7 30. c3 Nb8 31. Kf2 Qb7 32. Qxb7 Rxb7 33. Nxd6 Rxb3 34. Rxa7 1-0

[Event "ESP-chT"]
[Site "Cordoba"]
[Date "1995.??.??"]
[Round "3"]
[White "Gomez Rebollo, Alfonso Carlos"]
[Black "Rubio, Jose Javier"]
[Result "1/2-1/2"]
[WhiteElo "2165"]
[BlackElo "2270"]
[PlyCount "38"]
[EventDate "1995.??.??"]
[EventType "team-tourn"]
[EventRounds "9"]
[EventCountry "ESP"]
[SourceTitle "EXT 2000"]
[Source "ChessBase"]
[SourceDate "1999.11.16"]
[SourceVersion "1"]
[SourceVersionDate "1999.11.16"]
[SourceQuality "1"]

1. e4 e5 2. Nf3 Nf6 3. Nc3 Bb4 4. Nxe5 0-0 5. Be2 Re8 6. Nd3 Bxc3 7. dxc3 Nxe4 8. Nf4 d6 9. 0-0 Nc6 10. Be3 Ne5 11. Nd3 Nc4 12. Bc1 Qf6 13. Nb4 Nb6 14. Be3 Na4 15. Nd5 Qd8 16. Rb1 c6 17. Nf4 d5 18. c4 Qf6 19. c3 Naxc3 1/2-1/2